• 首页
  • 本馆介绍
  • 公告通知
  • 最新文献
  • 馆藏检索
  • 电子资源
  • 读者导购
  • 参考咨询
  • 我的图书馆
  • 登录
  • 详细信息显示
  • 放入我的书架
  • 预约/预借图书
  • 作者相关作品
  • 分类相关作品
  • 丛书相关作品
  • 出版社相关作品

书目信息

  • 表格格式
  • 工作单格式
  • 卡片格式
题名:
机械设计基础
    
 
作者: 邵刚 主编
分册:  
出版信息: 北京   电子工业出版社  2013.07
页数: 283页
开本: 26cm
丛书名:
单 册:
中图分类: TH122
科图分类:
主题词: 机械设计--教材--高等职业教育 , 机械设计--教材--高等职业教育
电子资源:
ISBN: 978-7-121-20846-1
000 01303nam0 2200277 450
001 746
005 20160908110646.26
005 20130725000000.0
005 20130725153517
010    @a978-7-121-20846-1@dCNY37.00
100    @a20130725d2013 em y0chiy0110 ea
101 0  @achi
102    @aCN@b110000@2GB2260
105    @aak z 000yy
200 1  @a机械设计基础@9ji xie she ji ji chu@f邵刚主编
210    @a北京@c电子工业出版社@d2013.07
215    @a283页@c图表@d26cm
300    @a普通高等教育“十一五”国家级规划教材 新编高等职业教育电子信息、机电类规划教材 机电一体化技术专业
330    @a本教材本着“突出技能,重在实用,淡化理论,够用为度”的指导思想,结合本课程的具体情况和教学实践、工程实践,把“理论力学”,“材料力学”,“机械原理”,“机械零件”四门课程有机地融合在一起。主要包括:物体的受力及其分析;各种常用机构的工作原理、特点和应用;材料力学的基本知识;通用零、部件的工作原理、特点以及设计方法。本书共17章,每章后均有习题。
333    @a本书可作为高职教育机械制造类,尤其是数控技术专业、机电一体化专业的教学用书,也可作为成人高校教学用书以及工程技术人员参考用书。
606 0  @a机械设计@j教材@x高等职业教育
606    @a机械设计@j教材@x高等职业教育
690    @aTH122@v4
701  0 @a邵刚@9shao gang@4主编
801  0 @aCN@b唐山师范学院图书馆@c20160723
905    @aZUCC@dTH122@e100
    
    机械设计基础/邵刚主编.-北京:电子工业出版社,2013.07
    283页:图表;26cm
    普通高等教育“十一五”国家级规划教材 新编高等职业教育电子信息、机电类规划教材 机电一体化技术专业.-使用对象:本书可作为高职教育机械制造类,尤其是数控技术专业、机电一体化专业的教学用书,也可作为成人高校教学用书以及工程技术人员参考用书。
    
    ISBN 978-7-121-20846-1:CNY37.00
    本教材本着“突出技能,重在实用,淡化理论,够用为度”的指导思想,结合本课程的具体情况和教学实践、工程实践,把“理论力学”,“材料力学”,“机械原理”,“机械零件”四门课程有机地融合在一起。主要包括:物体的受力及其分析;各种常用机构的工作原理、特点和应用;材料力学的基本知识;通用零、部件的工作原理、特点以及设计方法。本书共17章,每章后均有习题。
●
相关链接 在E读中查询图书 在五车中查询图书 在当当中查询图书 在豆瓣中查询图书


正题名:机械设计基础     索取号:TH122/100         预约/预借

序号 登录号 条形码 馆藏地/架位号 状态 备注
1 903266   209032660   第二样本阅览室/ [索取号:TH122/100] 在馆    
2 903267   209032679   第三借阅区/ [索取号:TH122/100] 在馆    
3 903268   209032688   第三借阅区/ [索取号:TH122/100] 在馆    
4 903269   209032697   第三借阅区/ [索取号:TH122/100] 在馆    
5 903270   209032704   第三借阅区/ [索取号:TH122/100] 在馆    
唐山师范学院图书馆 欢迎您!
大连网信软件有限公司© 版权所有